ბათუმის შოთა რუსთაველის სახელმწიფო უნივერსიტეტის ბიბლიოთეკა

Комментарий земельного законодательства / (ბიბ.ჩანაწერი № 35968)

000 -LEADER
fixed length control field 00874nam a2200241Ia 4500
001 - CONTROL NUMBER
control field 1867
003 - CONTROL NUMBER IDENTIFIER
control field GE_BSU
005 - DATE AND TIME OF LATEST TRANSACTION
control field 20221007115103.0
008 - FIXED-LENGTH DATA ELEMENTS--GENERAL INFORMATION
fixed length control field 181216s2006ru xx |||||||||||||| ||rus||
020 ## - INTERNATIONAL STANDARD BOOK NUMBER
International Standard Book Number 591131066Х
040 ## - CATALOGING SOURCE
Transcribing agency GE_BSU
041 ## - LANGUAGE CODE
Language code of text/sound track or separate title rus
080 ## - UNIVERSAL DECIMAL CLASSIFICATION NUMBER
Universal Decimal Classification number 349.412(075.8) К-78
100 ## - MAIN ENTRY--PERSONAL NAME
Personal name Крассов,О.И.
9 (RLIN) 15135
245 ## - TITLE STATEMENT
Title Комментарий земельного законодательства /
Remainder of title О.И. Крассов.
250 ## - EDITION STATEMENT
Edition statement Изд.2-е
264 ## - PRODUCTION, PUBLICATION, DISTRIBUTION, MANUFACTURE, AND COPYRIGHT NOTICE
Place of production, publication, distribution, manufacture Москва :
Name of producer, publisher, distributor, manufacturer торговая корпорация Дашков и К,
Date of production, publication, distribution, manufacture, or copyright notice 2006.
300 ## - PHYSICAL DESCRIPTION
Extent 741 с.
Other physical details 20 см.
653 ## - INDEX TERM--UNCONTROLLED
keyword Комментарий земельного законодательства.
653 ## - INDEX TERM--UNCONTROLLED
keyword მიწის კანონმდებლობის კომენტარი.
653 ## - INDEX TERM--UNCONTROLLED
keyword სამართალი
942 ## - ADDED ENTRY ELEMENTS (KOHA)
Koha item type წიგნი
Source of classification or shelving scheme
ეგზემპლარები
Withdrawn status Lost status Damaged status Not for loan Date acquired Barcode Date last seen Price effective from Koha item type
        2018-12-17 3887 2018-12-17 2018-12-17 წიგნი